गांधी वध और मैं: संशोधित एवं परिवर्धित संस्करण (Record no. 1227691)
[ view plain ]
| 000 -LEADER | |
|---|---|
| fixed length control field | 00840nam a2200229Ia 4500 |
| 005 - DATE AND TIME OF LATEST TRANSACTION | |
| control field | 20241129110210.0 |
| 008 - FIXED-LENGTH DATA ELEMENTS--GENERAL INFORMATION | |
| fixed length control field | 241129s9999||||xx |||||||||||||| ||und|| |
| 020 ## - INTERNATIONAL STANDARD BOOK NUMBER | |
| International Standard Book Number | 978-93-90921-42-3 |
| 037 ## - SOURCE OF ACQUISITION | |
| Stock number | TB |
| 040 ## - CATALOGING SOURCE | |
| Original cataloging agency | ARTS |
| Language of cataloging | hin |
| Transcribing agency | ARTS |
| 041 ## - LANGUAGE CODE | |
| Language code of text/sound track or separate title | hin |
| Source of code | hin |
| 084 ## - COLON CLASSIFICATION NUMBER | |
| Classification number | zG 152L0 |
| Assigning agency | ARTS |
| 100 ## - MAIN ENTRY--PERSONAL NAME | |
| Personal name | गोडसे, गोपाल, ले. |
| 245 #0 - TITLE STATEMENT | |
| Title | गांधी वध और मैं: संशोधित एवं परिवर्धित संस्करण |
| Statement of responsibility, etc. | गोडसे, गोपाल, ले. |
| 250 ## - EDITION STATEMENT | |
| Edition statement | चालीसवां |
| 260 ## - PUBLICATION, DISTRIBUTION, ETC. | |
| Place of publication, distribution, etc. | दिल्ली, भारत |
| Name of publisher, distributor, etc. | सूर्य हिन्दी प्रकाशन |
| Date of publication, distribution, etc. | 2023 |
| 300 ## - PHYSICAL DESCRIPTION | |
| Extent | 327पृ0 |
| 365 ## - TRADE PRICE | |
| Price type code | INR |
| Price amount | 225 |
| 650 ## - SUBJECT ADDED ENTRY--TOPICAL TERM | |
| Topical term or geographic name entry element | GeneraliaGandhism |
| 9 (RLIN) | 727457 |
| 942 ## - ADDED ENTRY ELEMENTS (KOHA) | |
| Koha item type | Textbook |
| Classification part | zG 152L0 |
| Withdrawn status | Lost status | Damaged status | Not for loan | Home library | Current library | Date acquired | Source of acquisition | Cost, normal purchase price | Inventory number | Total Checkouts | Full call number | Barcode | Date last seen | Price effective from | Koha item type |
|---|---|---|---|---|---|---|---|---|---|---|---|---|---|---|---|
| Arts Library | Arts Library | 2024-11-29 | Eastern Book Linkers | 225.00 | 205 & 30/01/2024 | zG 152L0 | AL1803725 | 2024-11-29 | 2024-11-29 | Textbook |
